| 000 | 00614nam a2200205Ia 4500 | ||
|---|---|---|---|
| 003 | GCL | ||
| 008 | 140319s9999 xx 000 0 ara d | ||
| 040 |
_aGCL / _cGCL |
||
| 082 | 0 | 4 |
_a365.42 _bت ا |
| 100 | 1 | _aكرافيس هيرش | |
| 245 | 1 | 0 |
_aاسباب جنوح الاحداث / _cكرافيس هيرش |
| 700 | 1 | _aمحمد سلامة محمد عبادى (مترجم) | |
| 260 |
_a[S.N] : _bالمكتب الجامعى الحديث |
||
| 300 | _a466 ص | ||
| 490 | _a | ||
| 650 | 0 | 4 | _aالاحداث |
| 650 | 0 | 4 | _aانحراف الاحداث |
| 650 | 0 | 4 | _aتشغيل الاحداث |
| 942 |
_2ddc _cBK |
||
| 999 |
_c29857 _d29857 |
||